Resale price maintenance (Record no. 56285)

MARC details
000 -LEADER
fixed length control field 00498nam a2200133 a 4500
008 - FIXED-LENGTH DATA ELEMENTS--GENERAL INFORMATION
fixed length control field 120416s1966 ||||||||||||||||| || u
050 ## - LIBRARY OF CONGRESS CALL NUMBER
Classification number HF 5417 Res
100 ## - MAIN ENTRY--PERSONAL NAME
Personal name Yamey, Basil S
245 10 - TITLE STATEMENT
Title Resale price maintenance
Statement of responsibility, etc. edited by Basil S. Yamey
260 ## - PUBLICATION, DISTRIBUTION, ETC.
Place of publication, distribution, etc. London
Name of publisher, distributor, etc. Weidenfeld and Nicolson
Date of publication, distribution, etc. 1966
300 ## - PHYSICAL DESCRIPTION
Extent vii, 303p.
350 ## - PRICE (NR) (BK AM CF MU VM SE) [OBSOLETE]
Price 0.00
995 ## - RECOMMENDATION 995 [LOCAL, UNIMARC FRANCE]
-- 0.00
-- CBU-MAIN LIBRARY (Kitwe)
-- 1
-- 0.00
-- 1
-- AVAILABLE
-- Main Library Open Access Collection
Holdings
Withdrawn status Lost status Source of classification or shelving scheme Damaged status Not for loan Home library Current library Shelving location Date acquired Total Checkouts Full call number Barcode Date last seen Price effective from Koha item type
          CBU-MAIN LIBRARY, KITWE. CBU-MAIN LIBRARY, KITWE.   11/30/2022   HF 5417 Res 004564 11/30/2022 11/30/2022 MONOGRAPH